Catálogo

10 criterios para mejorar el rendimiento escolar / (Registro nro. 66134)

Detalles MARC
000 -LEADER
fixed length control field 00779nam a2200241 u 4500
001 - CONTROL NUMBER
control field 66134
005 - DATE AND TIME OF LATEST TRANSACTION
control field 20180714073753.0
008 - FIXED-LENGTH DATA ELEMENTS--GENERAL INFORMATION
fixed length control field 160912s2015 sp r 000 0 spa d
020 ## - INTERNATIONAL STANDARD BOOK NUMBER
International Standard Book Number 9788490232828
041 ## - LANGUAGE CODE
Language code of text/sound track or separate title spa
082 0# - DEWEY DECIMAL CLASSIFICATION NUMBER
Classification number 371.3
Item number MAR
100 1# - MAIN ENTRY--PERSONAL NAME
Personal name Martínez-Otero Pérez, Valentín,
Relator term autor
245 10 - TITLE STATEMENT
Title 10 criterios para mejorar el rendimiento escolar /
Statement of responsibility, etc. Valentín Martínes-Otero.
250 ## - EDITION STATEMENT
Edition statement [Primera edición]
264 #1 - PRODUCTION, PUBLICATION, DISTRIBUTION, MANUFACTURE, AND COPYRIGHT NOTICE
Place of production, publication, distribution, manufacture España :
Name of producer, publisher, distributor, manufacturer Editorial CCS,
Date of production, publication, distribution, manufacture, or copyright notice 2015
300 ## - PHYSICAL DESCRIPTION
Extent 88 páginas ;
Dimensions 18 cm.
336 ## - CONTENT TYPE
Content type term texto
Source rdacontent
337 ## - MEDIA TYPE
Media type term sin mediación
Source rdamedia
338 ## - CARRIER TYPE
Carrier type term volumen
Source rdacarrier
490 0# - SERIES STATEMENT
Series statement Colección 10 criterios
Volume/sequential designation 11
650 #4 - SUBJECT ADDED ENTRY--TOPICAL TERM
Topical term or geographic name entry element Rendimiento académico
General subdivision Motivación
650 #4 - SUBJECT ADDED ENTRY--TOPICAL TERM
Topical term or geographic name entry element Métodos de enseñanza
Existencias
Withdrawn status Lost status Source of classification or shelving scheme Damaged status Not for loan Collection code Home library Current library Shelving location Date acquired Source of acquisition Inventory number Total Checkouts Full call number Barcode Date last seen Date last checked out Price effective from Koha item type
    Dewey Decimal Classification     General Biblioteca Karol Wojtyla Biblioteca Karol Wojtyla Sala general 12/09/2016 Compra 151000000000000000041931   371.3 MAR 2015 96340 05/01/2026 06/04/2018 17/11/2016 Libro